| 000 | 00000nas 2200000za 4500 |
| 001 | 9.812039 |
| 003 | CaOODSP |
| 005 | 20250303104652 |
| 007 | cr ||||||||||| |
| 008 | 160229d19221935onc x m o||||f0 |0eng|d |
| 040 | |aCaOODSP|beng |
| 043 | |an-cn--- |
| 086 | 1 |aA12-2E-PDF |
| 130 | 0 |aBulletin (Canada. Department of Agriculture)|pNew series. |
| 245 | 10|aBulletin, New series |h[electronic resource] / |cDominion of Canda, Department of Agriculture. |
| 246 | 3 |aBulletin, N.S. (Canada. Department of Agriculture) |
| 260 | |aOttawa : |bDept. of Agriculture, |c1922-1935. |
| 310 | |aIrregular. |
| 362 | 0 |aNo. [1--no. 181] |
| 500 | |aIssued also in French under title: Bulletin, Nouvelle série. |
| 692 | 07|2gccst|aAgriculture |
| 710 | 1 |aCanada. |bDepartment of Agriculture. |
| 775 | 08|tBulletin, Nouvelle série |w(CaOODSP)9.812393 |